000
00261nam a2200097Ia 4500
001
807688
005
20250826171236.0
008
250824s9999 xx 000 0 und d
245
0
_a
KAYI III HAREMEYN HİZMETİNDE
_c
AHMET ŞİMŞİRGİL
260
_b
TİMAŞ YAYINLARI
999
_c
807688
_d
807688